|
|
|
|
| LEADER |
00000nam0a2200000 4500 |
| 001 |
355871 |
| 005 |
20231102010835.0 |
| 035 |
|
|
|a (RuTPU)RU\TPU\retro\13131
|
| 090 |
|
|
|a 355871
|
| 100 |
|
|
|a 20200713d1928 m y0rusy50 ca
|
| 101 |
0 |
|
|a rus
|
| 102 |
|
|
|a RU
|
| 105 |
|
|
|a y z 000zb
|
| 200 |
1 |
|
|a Достоевский на жизненном пути
|h Вып. 1
|i Молодость Достоевского 1821-1850
|f Л. П. Гроссман
|
| 210 |
|
|
|a Москва
|c Кооперативное Издательство Писателей "Никитинские Субботники"
|d 1928
|
| 215 |
|
|
|a 225 с.
|
| 600 |
|
1 |
|a Достоевский
|g Федор Михайлович
|f 1821-1881
|c русский писатель
|b Ф. М.
|2 stltpush
|3 (RuTPU)RU\TPU\pers\1038
|
| 606 |
1 |
|
|a Русская литература, дореволюционная
|x История и критика
|2 stltpush
|3 (RuTPU)RU\TPU\subj\26372
|9 50315
|
| 610 |
1 |
|
|a русские писатели
|
| 610 |
1 |
|
|a биографические материалы
|
| 610 |
1 |
|
|a творчество
|
| 610 |
1 |
|
|a литературная жизнь
|
| 675 |
|
|
|a 8Р1(092)
|v 4
|
| 700 |
|
1 |
|a Гроссман
|b Л. П.
|c литературовед, писатель
|f 1888-1965
|g Леонид Петрович
|2 stltpush
|3 (RuTPU)RU\TPU\pers\39919
|9 21158
|
| 801 |
|
1 |
|a RU
|b 63413507
|c 20200713
|
| 801 |
|
2 |
|a RU
|b 63413507
|c 20200721
|g RCR
|
| 942 |
|
|
|c BK
|